=LDR 00000nam 2200000 4500 =001 INLIS000000000047401 =005 20151104095331.0 =006 =007 =008 =020 ##$$a 978-602-8323-36-9 =035 ##$$0010-111500000000005 =040 ##$$a ind =082 ##$$a 633.635 =090 ##$$a 633.635 $b Dwi =100 ##$$a Dwi =245 ##$$a Teknik Pengembangan Pangan Baru =250 ##$$a cet. 1 =260 ##$$a Bandung $b widya padjadjaran $c 2010 =300 ##$$a iv, 156 hlmn $b 23 cm =850 ##$$a NBPDMAT =990 ##$$a 0001/BPAP-NTB/2015